| 000 | 00668nam a2200169Ia 4500 | ||
|---|---|---|---|
| 008 | 090711s9999 xx 000 0 und d | ||
| 082 | _b68523 | ||
| 100 | _aखळदकर अरविंद के. | ||
| 245 | _aजोडोनिया धन शेअर व्यवहारे | ||
| 260 |
_bकौशिक प्रकाशन _c1991 |
||
| 300 | _a228 | ||
| 600 | _aखळदकर अरविंद के. | ||
| 630 | _aजोडोनिया धन शेअर व्यवहारे | ||
| 700 | _aखळदकर अरविंद के. | ||
| 730 | _aजोडोनिया धन शेअर व्यवहारे | ||
| 942 | _cBOOK | ||
| 999 |
_c290251 _d290251 |
||